000 00427nab a2200145Ia 4500
003 ES-SlBCS
005 20210601125230.0
008 140529s1972 xxu||||| |||| 00| 0 eng d
041 _aeng
100 1 _aRaval, R. K.
_9155745
245 0 3 _aAn Essay on Phenomenology
_c R. K. Raval
650 0 4 _aFenomenología
_986431
773 0 _tPhilosophy and Phenomenological Research
_gvol. 33, 1972, págs. 216-226
_wRev1411
942 _cAR
999 _c526940
_d526940